The Penitente Moradas of Abiquiú

Saved in:
Bibliographic Details
Main Author: Ahlborn, Richard E.
Format: Electronic eBook
Language:English
Published: Project Gutenberg, 2014
Series:Project Gutenberg 44678
Online Access:http://www.gutenberg.org/etext/44678
Rights
Tags: Add Tag
No Tags, Be the first to tag this record!
Call Number :

MARC

LEADER 00000cam a22000003a 4500
001 64923
003 MY-KLNDU
005 20241219025443.0
008 210402s2014||||xxu|||||s|||||000 | eng d
035 |a (PGUSA)44678 
039 9 |a 202104051306  |b VLOAD  |y 202104021525  |z VLOAD 
040 |a PGUSA  |b eng 
042 |a dc 
100 1 |a Ahlborn, Richard E. 
245 1 4 |a The Penitente Moradas of Abiquiú  |h [electronic resource] /  |c by Richard E. Ahlborn 
260 |b Project Gutenberg,  |c 2014 
500 |a Project Gutenberg 
506 |a Freely available. 
516 |a Electronic text 
599 |a Dummy Record 
830 0 |a Project Gutenberg  |v 44678 
856 4 0 |u http://www.gutenberg.org/etext/44678 
856 4 2 |u http://www.gutenberg.org/license  |3 Rights 
999 |a vtls000074524  |c 64923  |d 64923